Statistics for Avatar: The Last Airbender Quotes by Episode: Book 1

Click here to take the quiz!

General Stats

  • This quiz has been taken 598 times
  • The average score is 10 of 20

Answer Stats

EpisodeCharacterQuote% Correct
The Boy in the IcebergAang"Will you go {penguin} sledding with me?"
97%
The Avatar ReturnsSokka"What was it that kid said? Yee-haw? Hup-hup? Wah-hoo? Uh ... {Yip}-{yip}?"
94%
The Siege of the North, Part 1Zuko"You rise with the moon ... I rise with the {sun}."
83%
The Blue SpiritAang"If we knew each other back then, do you think we could have been {friends}, too?"
82%
The Southern Air TempleIroh"Even in exile, my nephew is more {honorable} than you."
74%
The Warriors of KyoshiSuki"The {Unagi}'s gonna eat well tonight."
66%
The FortunetellerKatara"Should I eat a mango or a {papaya} for breakfast tomorrow?"
58%
The Waterbending MasterPakku"Fine. You want to learn to {fight} so bad? Study closely!"
56%
ImprisonedKatara"I'll show you who's boss! {Earthbending} style!"
55%
The King of OmashuBumi"Oh, {Kangaroo} Island, eh? I hear that place is really hopping!"
52%
The StormOzai"You will learn respect, and {suffering} will be your teacher."
50%
The DeserterJeong Jeong"Only a fool seeks his own {destruction}."
47%
The Northern Air TempleThe Mechanist"{Stink}! Never underestimate the power of {stink}!"
39%
JetJet"This was a {victory}, Katara. Remember that."
32%
The Siege of the North, Part 2Koh"{Tui} {and} {La}, your moon and ocean, have always circled each other in an eternal dance."
30%
Avatar RokuZuko"Run the {blockade}!"
25%
The Spirit WorldIroh"Yeah, that's true, but you are clearly {outmatched}."
24%
The Waterbending ScrollOh"We prefer to think of ourselves as '{high} {risk} {traders}.'"
23%
The Great DivideZhang Leader"If you {Gan} {Jin}s weren't so clean, you wouldn't live to be so old."
17%
Bato of the Water TribeJune"Well, if it isn't my new friends: {Angry} {Boy} and Uncle Lazy."
13%

Score Distribution

Percentile by Number Answered

Percent of People with Each Score

Your Score History

You have not taken this quiz